<?xml version="1.0" encoding="UTF-8"?>
<record
    xmlns:xsi="http://www.w3.org/2001/XMLSchema-instance"
    xsi:schemaLocation="http://www.loc.gov/MARC21/slim http://www.loc.gov/standards/marcxml/schema/MARC21slim.xsd"
    xmlns="http://www.loc.gov/MARC21/slim">

  <leader>00980nas a2200265 454500</leader>
  <controlfield tag="001">26880</controlfield>
  <controlfield tag="005">20260407193507.0</controlfield>
  <controlfield tag="008">260407s1999####ag###########|||spa#d</controlfield>
  <controlfield tag="003">AR-UNSa-BCEJYS</controlfield>
  <datafield tag="040" ind1=" " ind2=" ">
    <subfield code="a">AR-UNSa-BCEJYS</subfield>
    <subfield code="b">spa</subfield>
    <subfield code="c">AR-UNSa-BCEJYS</subfield>
  </datafield>
  <datafield tag="080" ind1=" " ind2=" ">
    <subfield code="a">330</subfield>
    <subfield code="x">Econom&#xED;a en general</subfield>
  </datafield>
  <datafield tag="245" ind1="1" ind2="0">
    <subfield code="a">Serie textos de discusi&#xF3;n</subfield>
  </datafield>
  <datafield tag="264" ind1=" " ind2="1">
    <subfield code="a">Buenos Aires :</subfield>
    <subfield code="b">Universidad Argentina de la Empresa</subfield>
    <subfield code="c">1999</subfield>
  </datafield>
  <datafield tag="310" ind1=" " ind2=" ">
    <subfield code="a">Frecuencia: Irregular</subfield>
  </datafield>
  <datafield tag="942" ind1=" " ind2=" ">
    <subfield code="c">SER</subfield>
  </datafield>
  <datafield tag="590" ind1=" " ind2=" ">
    <subfield code="a">niveau_biblio:s niveau_hierar:1</subfield>
  </datafield>
  <datafield tag="100" ind1="1" ind2=" ">
    <subfield code="a">Universidad Argentina de la Empresa. Instituto de Econom&#xED;a. Centro de Estudios Econ&#xF3;micos de la Regulaci&#xF3;n (CEER)</subfield>
  </datafield>
  <datafield tag="650" ind1=" " ind2=" ">
    <subfield code="a">Desempleo</subfield>
  </datafield>
  <datafield tag="650" ind1=" " ind2=" ">
    <subfield code="a">COSTOS</subfield>
  </datafield>
  <datafield tag="650" ind1=" " ind2=" ">
    <subfield code="a">Privatizaci&#xF3;n</subfield>
  </datafield>
  <datafield tag="650" ind1=" " ind2=" ">
    <subfield code="a">Investigaci&#xF3;n econ&#xF3;mica</subfield>
  </datafield>
  <datafield tag="650" ind1=" " ind2=" ">
    <subfield code="a">Distribuci&#xF3;n del ingreso</subfield>
  </datafield>
  <datafield tag="650" ind1=" " ind2=" ">
    <subfield code="a">SERVICIOS PUBLICOS</subfield>
  </datafield>
  <datafield tag="856" ind1="4" ind2="1">
    <subfield code="u">https://biblioeco.unsa.edu.ar/pmb/images/revistas/Centro de Estudios Economicos de la Regulacion-r12983.jpg</subfield>
    <subfield code="y">Imagen de portada</subfield>
    <subfield code="q">image/jpeg</subfield>
  </datafield>
  <datafield tag="999" ind1=" " ind2=" ">
    <subfield code="c">8615</subfield>
    <subfield code="d">8615</subfield>
  </datafield>
  <datafield tag="952" ind1=" " ind2=" ">
    <subfield code="0">0</subfield>
    <subfield code="1">0</subfield>
    <subfield code="4">0</subfield>
    <subfield code="7">0</subfield>
    <subfield code="a">BCEJYS</subfield>
    <subfield code="b">BCEJYS</subfield>
    <subfield code="c">17</subfield>
    <subfield code="d">2002-04-01</subfield>
    <subfield code="h">N&#xBA; 38 - abr. 2002</subfield>
    <subfield code="l">0</subfield>
    <subfield code="o">H330 TEX 38</subfield>
    <subfield code="p">R13021</subfield>
    <subfield code="r">2026-04-10 16:08:33</subfield>
    <subfield code="w">2026-04-10</subfield>
    <subfield code="y">RN</subfield>
  </datafield>
  <datafield tag="952" ind1=" " ind2=" ">
    <subfield code="0">0</subfield>
    <subfield code="1">0</subfield>
    <subfield code="4">0</subfield>
    <subfield code="7">0</subfield>
    <subfield code="a">BCEJYS</subfield>
    <subfield code="b">BCEJYS</subfield>
    <subfield code="c">17</subfield>
    <subfield code="d">2002-04-01</subfield>
    <subfield code="h">N&#xBA; 37 - abr. 2002</subfield>
    <subfield code="l">0</subfield>
    <subfield code="o">H330 TEX 37</subfield>
    <subfield code="p">R13020</subfield>
    <subfield code="r">2026-04-10 16:08:33</subfield>
    <subfield code="w">2026-04-10</subfield>
    <subfield code="y">RN</subfield>
  </datafield>
  <datafield tag="952" ind1=" " ind2=" ">
    <subfield code="0">0</subfield>
    <subfield code="1">0</subfield>
    <subfield code="4">0</subfield>
    <subfield code="7">0</subfield>
    <subfield code="a">BCEJYS</subfield>
    <subfield code="b">BCEJYS</subfield>
    <subfield code="c">17</subfield>
    <subfield code="d">2002-03-01</subfield>
    <subfield code="h">N&#xBA; 36 - mar. 2002</subfield>
    <subfield code="l">0</subfield>
    <subfield code="o">H330 TEX 36</subfield>
    <subfield code="p">R13019</subfield>
    <subfield code="r">2026-04-10 16:08:33</subfield>
    <subfield code="w">2026-04-10</subfield>
    <subfield code="y">RN</subfield>
  </datafield>
  <datafield tag="952" ind1=" " ind2=" ">
    <subfield code="0">0</subfield>
    <subfield code="1">0</subfield>
    <subfield code="4">0</subfield>
    <subfield code="7">0</subfield>
    <subfield code="a">BCEJYS</subfield>
    <subfield code="b">BCEJYS</subfield>
    <subfield code="c">17</subfield>
    <subfield code="d">2002-02-01</subfield>
    <subfield code="h">N&#xBA; 35 - feb. 2002</subfield>
    <subfield code="l">0</subfield>
    <subfield code="o">H330 TEX 35</subfield>
    <subfield code="p">R13018</subfield>
    <subfield code="r">2026-04-10 16:08:33</subfield>
    <subfield code="w">2026-04-10</subfield>
    <subfield code="y">RN</subfield>
  </datafield>
  <datafield tag="952" ind1=" " ind2=" ">
    <subfield code="0">0</subfield>
    <subfield code="1">0</subfield>
    <subfield code="4">0</subfield>
    <subfield code="7">0</subfield>
    <subfield code="a">BCEJYS</subfield>
    <subfield code="b">BCEJYS</subfield>
    <subfield code="c">17</subfield>
    <subfield code="d">2001-09-01</subfield>
    <subfield code="h">N&#xBA; 34 - sep. 2001</subfield>
    <subfield code="l">0</subfield>
    <subfield code="o">H330 TEX 34</subfield>
    <subfield code="p">R13017</subfield>
    <subfield code="r">2026-04-10 16:08:33</subfield>
    <subfield code="w">2026-04-10</subfield>
    <subfield code="y">RN</subfield>
  </datafield>
  <datafield tag="952" ind1=" " ind2=" ">
    <subfield code="0">0</subfield>
    <subfield code="1">0</subfield>
    <subfield code="4">0</subfield>
    <subfield code="7">0</subfield>
    <subfield code="a">BCEJYS</subfield>
    <subfield code="b">BCEJYS</subfield>
    <subfield code="c">17</subfield>
    <subfield code="d">2000-08-01</subfield>
    <subfield code="h">N&#xBA; 20 - ago. 2000</subfield>
    <subfield code="l">0</subfield>
    <subfield code="o">H330 TEX 20</subfield>
    <subfield code="p">R13016</subfield>
    <subfield code="r">2026-04-10 16:08:33</subfield>
    <subfield code="w">2026-04-10</subfield>
    <subfield code="y">RN</subfield>
  </datafield>
  <datafield tag="952" ind1=" " ind2=" ">
    <subfield code="0">0</subfield>
    <subfield code="1">0</subfield>
    <subfield code="4">0</subfield>
    <subfield code="7">0</subfield>
    <subfield code="a">BCEJYS</subfield>
    <subfield code="b">BCEJYS</subfield>
    <subfield code="c">17</subfield>
    <subfield code="d">2000-06-15</subfield>
    <subfield code="h">N&#xBA; 19 - jun. 2000</subfield>
    <subfield code="l">0</subfield>
    <subfield code="o">H330 TEX 19</subfield>
    <subfield code="p">R13015</subfield>
    <subfield code="r">2026-04-10 16:08:33</subfield>
    <subfield code="w">2026-04-10</subfield>
    <subfield code="y">RN</subfield>
  </datafield>
  <datafield tag="952" ind1=" " ind2=" ">
    <subfield code="0">0</subfield>
    <subfield code="1">0</subfield>
    <subfield code="4">0</subfield>
    <subfield code="7">0</subfield>
    <subfield code="a">BCEJYS</subfield>
    <subfield code="b">BCEJYS</subfield>
    <subfield code="c">17</subfield>
    <subfield code="d">2000-06-01</subfield>
    <subfield code="h">N&#xBA; 18 - jun. 2000</subfield>
    <subfield code="l">0</subfield>
    <subfield code="o">H330 TEX 18</subfield>
    <subfield code="p">R13014</subfield>
    <subfield code="r">2026-04-10 16:08:33</subfield>
    <subfield code="w">2026-04-10</subfield>
    <subfield code="y">RN</subfield>
  </datafield>
  <datafield tag="952" ind1=" " ind2=" ">
    <subfield code="0">0</subfield>
    <subfield code="1">0</subfield>
    <subfield code="4">0</subfield>
    <subfield code="7">0</subfield>
    <subfield code="a">BCEJYS</subfield>
    <subfield code="b">BCEJYS</subfield>
    <subfield code="c">17</subfield>
    <subfield code="d">2000-04-01</subfield>
    <subfield code="h">N&#xBA; 17 - abr. 2000</subfield>
    <subfield code="l">0</subfield>
    <subfield code="o">H330 TEX 17</subfield>
    <subfield code="p">R13013</subfield>
    <subfield code="r">2026-04-10 16:08:33</subfield>
    <subfield code="w">2026-04-10</subfield>
    <subfield code="y">RN</subfield>
  </datafield>
  <datafield tag="952" ind1=" " ind2=" ">
    <subfield code="0">0</subfield>
    <subfield code="1">0</subfield>
    <subfield code="4">0</subfield>
    <subfield code="7">0</subfield>
    <subfield code="a">BCEJYS</subfield>
    <subfield code="b">BCEJYS</subfield>
    <subfield code="c">17</subfield>
    <subfield code="d">2000-03-01</subfield>
    <subfield code="h">N&#xBA; 16 - mar. 2000</subfield>
    <subfield code="l">0</subfield>
    <subfield code="o">H330 TEX 16</subfield>
    <subfield code="p">R13012</subfield>
    <subfield code="r">2026-04-10 16:08:33</subfield>
    <subfield code="w">2026-04-10</subfield>
    <subfield code="y">RN</subfield>
  </datafield>
  <datafield tag="952" ind1=" " ind2=" ">
    <subfield code="0">0</subfield>
    <subfield code="1">0</subfield>
    <subfield code="4">0</subfield>
    <subfield code="7">0</subfield>
    <subfield code="a">BCEJYS</subfield>
    <subfield code="b">BCEJYS</subfield>
    <subfield code="c">17</subfield>
    <subfield code="d">1999-12-15</subfield>
    <subfield code="h">N&#xBA; 15 - dic. 1999</subfield>
    <subfield code="l">0</subfield>
    <subfield code="o">H330 TEX 15</subfield>
    <subfield code="p">R13011</subfield>
    <subfield code="r">2026-04-10 16:08:33</subfield>
    <subfield code="w">2026-04-10</subfield>
    <subfield code="y">RN</subfield>
  </datafield>
  <datafield tag="952" ind1=" " ind2=" ">
    <subfield code="0">0</subfield>
    <subfield code="1">0</subfield>
    <subfield code="4">0</subfield>
    <subfield code="7">0</subfield>
    <subfield code="a">BCEJYS</subfield>
    <subfield code="b">BCEJYS</subfield>
    <subfield code="c">17</subfield>
    <subfield code="d">1999-12-01</subfield>
    <subfield code="h">N&#xBA; 14 - dic. 1999</subfield>
    <subfield code="l">0</subfield>
    <subfield code="o">H330 TEX 14</subfield>
    <subfield code="p">R13010</subfield>
    <subfield code="r">2026-04-10 16:08:33</subfield>
    <subfield code="w">2026-04-10</subfield>
    <subfield code="y">RN</subfield>
  </datafield>
  <datafield tag="952" ind1=" " ind2=" ">
    <subfield code="0">0</subfield>
    <subfield code="1">0</subfield>
    <subfield code="4">0</subfield>
    <subfield code="7">0</subfield>
    <subfield code="a">BCEJYS</subfield>
    <subfield code="b">BCEJYS</subfield>
    <subfield code="c">17</subfield>
    <subfield code="d">1999-11-15</subfield>
    <subfield code="h">N&#xBA; 13 - nov. 1999</subfield>
    <subfield code="l">0</subfield>
    <subfield code="o">H330 TEX 13</subfield>
    <subfield code="p">R13009</subfield>
    <subfield code="r">2026-04-10 16:08:33</subfield>
    <subfield code="w">2026-04-10</subfield>
    <subfield code="y">RN</subfield>
  </datafield>
  <datafield tag="952" ind1=" " ind2=" ">
    <subfield code="0">0</subfield>
    <subfield code="1">0</subfield>
    <subfield code="4">0</subfield>
    <subfield code="7">0</subfield>
    <subfield code="a">BCEJYS</subfield>
    <subfield code="b">BCEJYS</subfield>
    <subfield code="c">17</subfield>
    <subfield code="d">1999-11-01</subfield>
    <subfield code="h">N&#xBA; 12 - nov. 1999</subfield>
    <subfield code="l">0</subfield>
    <subfield code="o">H330 TEX 12</subfield>
    <subfield code="p">R13008</subfield>
    <subfield code="r">2026-04-10 16:08:33</subfield>
    <subfield code="w">2026-04-10</subfield>
    <subfield code="y">RN</subfield>
  </datafield>
  <datafield tag="952" ind1=" " ind2=" ">
    <subfield code="0">0</subfield>
    <subfield code="1">0</subfield>
    <subfield code="4">0</subfield>
    <subfield code="7">0</subfield>
    <subfield code="a">BCEJYS</subfield>
    <subfield code="b">BCEJYS</subfield>
    <subfield code="c">17</subfield>
    <subfield code="d">1999-10-15</subfield>
    <subfield code="h">N&#xBA; 11 - oct. 1999</subfield>
    <subfield code="l">0</subfield>
    <subfield code="o">H330 TEX 11</subfield>
    <subfield code="p">R13007</subfield>
    <subfield code="r">2026-04-10 16:08:33</subfield>
    <subfield code="w">2026-04-10</subfield>
    <subfield code="y">RN</subfield>
  </datafield>
  <datafield tag="952" ind1=" " ind2=" ">
    <subfield code="0">0</subfield>
    <subfield code="1">0</subfield>
    <subfield code="4">0</subfield>
    <subfield code="7">0</subfield>
    <subfield code="a">BCEJYS</subfield>
    <subfield code="b">BCEJYS</subfield>
    <subfield code="c">17</subfield>
    <subfield code="d">1999-10-01</subfield>
    <subfield code="h">N&#xBA; 10 - oct. 1999</subfield>
    <subfield code="l">0</subfield>
    <subfield code="o">H330 TEX 10</subfield>
    <subfield code="p">R13006</subfield>
    <subfield code="r">2026-04-10 16:08:33</subfield>
    <subfield code="w">2026-04-10</subfield>
    <subfield code="y">RN</subfield>
  </datafield>
  <datafield tag="952" ind1=" " ind2=" ">
    <subfield code="0">0</subfield>
    <subfield code="1">0</subfield>
    <subfield code="4">0</subfield>
    <subfield code="7">0</subfield>
    <subfield code="a">BCEJYS</subfield>
    <subfield code="b">BCEJYS</subfield>
    <subfield code="c">17</subfield>
    <subfield code="d">1999-09-15</subfield>
    <subfield code="h">N&#xBA; 9 - sep. 1999</subfield>
    <subfield code="l">0</subfield>
    <subfield code="o">H330 TEX 9</subfield>
    <subfield code="p">R13005</subfield>
    <subfield code="r">2026-04-10 16:08:33</subfield>
    <subfield code="w">2026-04-10</subfield>
    <subfield code="y">RN</subfield>
  </datafield>
  <datafield tag="952" ind1=" " ind2=" ">
    <subfield code="0">0</subfield>
    <subfield code="1">0</subfield>
    <subfield code="4">0</subfield>
    <subfield code="7">0</subfield>
    <subfield code="a">BCEJYS</subfield>
    <subfield code="b">BCEJYS</subfield>
    <subfield code="c">17</subfield>
    <subfield code="d">1999-09-01</subfield>
    <subfield code="h">N&#xBA; 8 - sep. 1999</subfield>
    <subfield code="l">0</subfield>
    <subfield code="o">H330 TEX 8</subfield>
    <subfield code="p">R13004</subfield>
    <subfield code="r">2026-04-10 16:08:33</subfield>
    <subfield code="w">2026-04-10</subfield>
    <subfield code="y">RN</subfield>
  </datafield>
  <datafield tag="952" ind1=" " ind2=" ">
    <subfield code="0">0</subfield>
    <subfield code="1">0</subfield>
    <subfield code="4">0</subfield>
    <subfield code="7">0</subfield>
    <subfield code="a">BCEJYS</subfield>
    <subfield code="b">BCEJYS</subfield>
    <subfield code="c">17</subfield>
    <subfield code="d">1999-07-15</subfield>
    <subfield code="h">N&#xBA; 7 - jul. 1999</subfield>
    <subfield code="l">0</subfield>
    <subfield code="o">H330 TEX 7</subfield>
    <subfield code="p">R13003</subfield>
    <subfield code="r">2026-04-10 16:08:33</subfield>
    <subfield code="w">2026-04-10</subfield>
    <subfield code="y">RN</subfield>
  </datafield>
  <datafield tag="952" ind1=" " ind2=" ">
    <subfield code="0">0</subfield>
    <subfield code="1">0</subfield>
    <subfield code="4">0</subfield>
    <subfield code="7">0</subfield>
    <subfield code="a">BCEJYS</subfield>
    <subfield code="b">BCEJYS</subfield>
    <subfield code="c">17</subfield>
    <subfield code="d">1999-07-01</subfield>
    <subfield code="h">N&#xBA; 6 - jul. 1999</subfield>
    <subfield code="l">0</subfield>
    <subfield code="o">H330 TEX 6</subfield>
    <subfield code="p">R13002</subfield>
    <subfield code="r">2026-04-10 16:08:33</subfield>
    <subfield code="w">2026-04-10</subfield>
    <subfield code="y">RN</subfield>
  </datafield>
  <datafield tag="952" ind1=" " ind2=" ">
    <subfield code="0">0</subfield>
    <subfield code="1">0</subfield>
    <subfield code="4">0</subfield>
    <subfield code="7">0</subfield>
    <subfield code="a">BCEJYS</subfield>
    <subfield code="b">BCEJYS</subfield>
    <subfield code="c">17</subfield>
    <subfield code="d">1999-06-01</subfield>
    <subfield code="h">N&#xBA; 5 - jun. 1999</subfield>
    <subfield code="l">0</subfield>
    <subfield code="o">H330 TEX 5</subfield>
    <subfield code="p">R13001</subfield>
    <subfield code="r">2026-04-10 16:08:33</subfield>
    <subfield code="w">2026-04-10</subfield>
    <subfield code="y">RN</subfield>
  </datafield>
  <datafield tag="952" ind1=" " ind2=" ">
    <subfield code="0">0</subfield>
    <subfield code="1">0</subfield>
    <subfield code="4">0</subfield>
    <subfield code="7">0</subfield>
    <subfield code="a">BCEJYS</subfield>
    <subfield code="b">BCEJYS</subfield>
    <subfield code="c">17</subfield>
    <subfield code="d">1999-04-01</subfield>
    <subfield code="h">N&#xBA; 4 - abr. 1999</subfield>
    <subfield code="l">0</subfield>
    <subfield code="o">H330 TEX 4</subfield>
    <subfield code="p">R12983</subfield>
    <subfield code="r">2026-04-10 16:08:33</subfield>
    <subfield code="w">2026-04-10</subfield>
    <subfield code="y">RN</subfield>
  </datafield>
  <datafield tag="952" ind1=" " ind2=" ">
    <subfield code="0">0</subfield>
    <subfield code="1">0</subfield>
    <subfield code="4">0</subfield>
    <subfield code="7">0</subfield>
    <subfield code="a">BCEJYS</subfield>
    <subfield code="b">BCEJYS</subfield>
    <subfield code="c">13</subfield>
    <subfield code="d">1999-03-03</subfield>
    <subfield code="h">N&#xBA; 3 - mar. 1999</subfield>
    <subfield code="l">0</subfield>
    <subfield code="o">H330 TEX 3</subfield>
    <subfield code="p">R20900</subfield>
    <subfield code="r">2026-04-10 16:08:33</subfield>
    <subfield code="w">2026-04-10</subfield>
    <subfield code="y">RN</subfield>
  </datafield>
  <datafield tag="952" ind1=" " ind2=" ">
    <subfield code="0">0</subfield>
    <subfield code="1">0</subfield>
    <subfield code="4">0</subfield>
    <subfield code="7">0</subfield>
    <subfield code="a">BCEJYS</subfield>
    <subfield code="b">BCEJYS</subfield>
    <subfield code="c">13</subfield>
    <subfield code="d">1999-03-02</subfield>
    <subfield code="h">N&#xBA; 2 - mar. 1999</subfield>
    <subfield code="l">0</subfield>
    <subfield code="o">H330 TEX 2</subfield>
    <subfield code="p">R20899</subfield>
    <subfield code="r">2026-04-10 16:08:33</subfield>
    <subfield code="w">2026-04-10</subfield>
    <subfield code="y">RN</subfield>
  </datafield>
  <datafield tag="952" ind1=" " ind2=" ">
    <subfield code="0">0</subfield>
    <subfield code="1">0</subfield>
    <subfield code="4">0</subfield>
    <subfield code="7">0</subfield>
    <subfield code="a">BCEJYS</subfield>
    <subfield code="b">BCEJYS</subfield>
    <subfield code="c">13</subfield>
    <subfield code="d">1999-03-01</subfield>
    <subfield code="h">N&#xBA; 1 - mar. 1999</subfield>
    <subfield code="l">0</subfield>
    <subfield code="o">H330 TEX 1</subfield>
    <subfield code="p">R20898</subfield>
    <subfield code="r">2026-04-10 16:08:33</subfield>
    <subfield code="w">2026-04-10</subfield>
    <subfield code="y">RN</subfield>
  </datafield>
</record>
